Les égéries Pepsi - Statistiques

Statistiques générales
  • Ce quiz a été pris 28 fois
  • Le résultat moyen est 15 sur 84
Statistiques - réponses
Année du premier contrat Initiales Stars % Correct
1984 Chanteur américain MJ Michael Jackson
92%
2019 Rappeuse américaine CB Cardi B
88%
2010 Footballeur argentin LM Lionel Messi
60%
1999 Chanteuse colombienne S Shakira
60%
1999 Chanteuse américaine JJ Janet Jackson
56%
1989 Chanteuse américaine M Madonna
48%
2010 Footballeur français TH Thierry Henry
48%
2005 Footballeur anglais DB David Beckham
44%
2007 Footballeur brésilien R Ronaldinho
44%
2022 Footballeur égyptiens MS Mohamed Salah
40%
1986 Chanteuse américaine TT Tina Turner
40%
2003 Chanteuse américaine B Beyoncé
36%
2010 Footballeur ivoirien DD Didier Drogba
36%
2009 Rappeur américain KW Kanye West
36%
2001 Chanteuse américaine BS Britney Spears
32%
2012 Chanteur britannique EJ Elton John
32%
2004 Chanteur espagnol EI Enrique Iglesias
32%
2006 Chanteuse américaine MJ.B Mary J. Blige
32%
2004 Chanteuse américaine P Pink
32%
2010 Footballeur brésilien RK Ricardo Kakà
32%
2017 Personnalité TV et mannequin américaine KJ Kendall Jenner
28%
2019 Rappeur américain LJ Lil Jon
24%
2006 Chanteuse américaine MC Mariah Carey
24%
2023 Rappeur portoricain BB Bad Bunny
20%
2021 Groupe coréen B Blackpink
20%
2010 Footballeur anglais FL Frank Lampard
20%
2008 Chanteur américain JT Justin Timberlake
20%
2001 Chanteuse australienne KM Kylie Minogue
20%
2012 Rappeuse américaine NM Nicki Minaj
20%
2022 Footballeur français PP Paul Pogba
20%
2022 Footballeur anglais RS Raheem Sterling
20%
2018 Footballeur allemand TK Toni Kroos
20%
2011 Footballeur français EC Eric Cantona
16%
2020 Chanteuse américaine H HER
16%
2009 Chanteuse roumaine I Inna
16%
2005 Chanteuse américaine JL Jennifer Lopez
16%
2012 Groupe britannique OD One Direction
16%
2005 Rappeur américain P.D P. Diddy
16%
1993 Joueur de Basket ball américain SO'N Shaquille O'Neal
16%
1997 Groupe britannique SG Spice Girls
16%
2007 Rappeur portoricain DY Daddy Yankee
12%
2015 Footballeur argentin EL Ezequiel Lavezzi
12%
1986 Chanteuse cubaine GE Gloria Estefan
12%
2005 Chanteur colombien J Juanes
12%
1985 Chanteur américain LR Lionel Richie
12%
1988 Joueur de Basket ball américain MJ Magic Johnson
12%
1999 Chanteur portoricain RM Ricky Martin
12%
2023 Acteur américain SM Steve Martin
12%
1995 Actrice et mannequin indienne AR Aishwariya Rai
8%
2010 Rappeur américain A Akon
8%
2010 Footballeur russe AA Andrey Arshavin
8%
2018 Footballeur anglais DA Dele Alli
8%
2021 Chanteur chinois JW Jackson Wang
8%
2020 Rappeuse américaine ME Missy Elliot
8%
2013 Actrice indienne PC Priyanka Chopra
8%
2022 Rappeur américain SD Snoop Dogg
8%
2018 Footballeuse américaine CL Carli Lloyd
4%
2006 Chanteuse américaine CA Christina Aguilera
4%
1994 Mannequin américaine CC Cindy Crawford
4%
1986 Chanteur américain DB David Bowie
4%
2021 Rappeuse américaine DJ Doja Cat
4%
2016 Chanteuse américaine JM Janelle Monae
4%
2018 Footballeur brésilien MV Marcelo Vieira
4%
2021 Actrice colombienne SV Sofia Vergara
4%
2019 Acteur américain SC Steve Carell
4%
1997 Mannequin et actrice américaine TB Tyra Banks
4%
2005 Rappeur américain X Xzibit
4%
1998 Chanteuse américaine AF Aretha Franklin
0%
2023 Acteur américain BS Ben Stiller
0%
1989 Chanteur portoricain C Chayanne
0%
2022 Chanteuse américaine CB Chloë Bailey
0%
2012 Joueur de football américain DB Drew Brees
0%
2005 Actrice américaine EL Eva Longoria
0%
2012 Rappeur américain FF Flavor Flav
0%
2014 Chanteuse américaine KR Kelly Rowland
0%
2010 Chanteuse japonaise KK Koda Kumi
0%
2002 Rappeur américain L Ludacris
0%
2012 Chanteuse américaine MA Melanie Amaro
0%
1994 Acteur américain MR Michael Richards
0%
2014 Joueur de football américain MD Mike Ditka
0%
2010 Groupe japonais P Perfume
0%
1990 Chanteur américain RC Ray Charles
0%
1994 Acteur américain RD Rodney Dangerfield
0%
2002 Chanteur et acteur grec SR Sakis Rouvas
0%
Aucun quiz correspondant
Distribution des résultats
% des personnes avec chaque résultat
Percentile par nombre de réponses
Votre historique - résultats
Vous n’avez pas pris ce quiz